ბათუმის შოთა რუსთაველის სახელმწიფო უნივერსიტეტის ბიბლიოთეკა

აუდიტი და მარწმუნებელი მომსახურება ACCA : საერთაშორისო პროგრამა. (ბიბ.ჩანაწერი № 62077)

000 -ლიდერი
ფიქსირებული სიგრძის საკონტროლო ველი 02065nam a22002417a 4500
003 - საკონტროლო ნომრის იდენტიფიკატორი
საკონტროლო ველი Ge_BSU
005 - ბოლო ოპერაციის თარიღი და დრო
საკონტროლო ველი 20240731121910.0
008 - ფიქსირებული სიგრძის მონაცემთა ელემენტები - ზოგადი ინფორმაცია
ფიქსირებული სიგრძის საკონტროლო ველი 240704s2023 ge ||||| |||| 00| 0 geo d
020 ## - წიგნის საერთაშორისო სტანდარტული ნომერი
International Standard Book Number 9781035501281
041 ## - ენის კოდი
Language code of text/sound track or separate title geo
080 ## - უნივერსალური ათობითი კლასიფიკაციის ინდექსი
Universal Decimal Classification number 657.6 ა-90
245 ## - ცნობა სათაურის შესახებ
Title აუდიტი და მარწმუნებელი მომსახურება ACCA : საერთაშორისო პროგრამა.
Remainder of title (უმაღლესი დონე):სავარჯიშოების კრებული /
Statement of responsibility, etc რედ.თამარ ცუხიშვილი; მთარგმნელები: ბაბი ალავერდაშვილი, ქართლოს ღვინიაშვილი, მაგდა კოჩაძე.
250 ## - გამოცემის ცნობა
Edition statement მეოთხე გამოცემა
264 ## - წარმოების, გამოცემის, დისტრიბუციის და სხვა ცნობები
გამოცემის, წარმოების, დისტრიბუციის... ადგილი [თბილისი] :
გამოცემის, წარმოების, დისტრიბუციის... სახელწოდება დანი,
გამოცემის, წარმოების, დისტრიბუციის... თარიღი 2023.
300 ## - ფიზიკური აღწერა
Extent 775 გვ.:
Other physical details 29 სმ.
500 ## - ზოგადი შენიშვნა
General note სავარჯიშოების კრებული თარგმნილი და განახლებული რედაქციით გამოცემულია საქართველოს პროფესიონალ ბუღალტერთა და აუდიტორთა ფედერაციის (ბაფი) მიერ BPP Learning Media Lid-ის ნებართვით.
ACCA-ის მიერ დამტკიცებული სასწავლო ლიტერატურის პროვაიდერი BPP.
653 ## - INDEX TERM--UNCONTROLLED
Uncontrolled term ბუღალტერია. აუდიტი
700 ## - ADDED ENTRY--PERSONAL NAME
Personal name ცუხიშვილი, თამარ
Relator term რედაქტორი
9 (RLIN) 22698
700 ## - ADDED ENTRY--PERSONAL NAME
Personal name ალავერდაშვილი, ბაბი
Relator term მთარგმნელი
9 (RLIN) 7241
700 ## - ADDED ENTRY--PERSONAL NAME
Personal name ღვინიაშვილი, ქართლოს
Relator term მთარგმნელი
9 (RLIN) 22699
700 ## - ADDED ENTRY--PERSONAL NAME
Personal name კოჩაძე, მაგდა
Relator term მთარგმნელი
9 (RLIN) 22703
942 ## - ADDED ENTRY ELEMENTS (KOHA)
Source of classification or shelving scheme
Koha item type წიგნი
ეგზემპლარები
ჩამოწერის სტატუსი დაკარგული ეგზემპლარის სტატუსი კლასიფიკაციის წყარო ან თაროზე გაწყობის სქემა დაზიანების სტატუსი არ გაიცემა მუდმივი მდებარეობა (დაცვის ადგილი) ამჟამინდელი ადგილსამყოფელი თაროზე განთავსების ადგილი შეძენის თარიღი ღირებულება, შესყიდვის ნორმალური ფასი სრული შენახვის შიფრი შტრიხკოდი ბოლო ოპერაციის თარიღი ეგზემპლარის მიმდევრობითი ნომერი (კეტერი?) ფასის ძალაში შესვლის თარიღი ეგზემპლარის სახეობა საჯარო შენიშვნა
          ბათუმის შოთა რუსთაველის სახელმწიფო უნივერსიტეტის მთავარი ბიბლიოთეკა ბათუმის შოთა რუსთაველის სახელმწიფო უნივერსიტეტის მთავარი ბიბლიოთეკა წიგნსაცავი 2024-07-04 140.00 657.6 ა-90 68431 2024-07-04 68431 2024-07-04 წიგნი 140.00
          ბათუმის შოთა რუსთაველის სახელმწიფო უნივერსიტეტის მთავარი ბიბლიოთეკა ბათუმის შოთა რუსთაველის სახელმწიფო უნივერსიტეტის მთავარი ბიბლიოთეკა წიგნსაცავი 2024-07-04 140.00 657.6 ა-90 68430 2024-07-04 68430 2024-07-04 წიგნი 140.00
          ბათუმის შოთა რუსთაველის სახელმწიფო უნივერსიტეტის მთავარი ბიბლიოთეკა ბათუმის შოთა რუსთაველის სახელმწიფო უნივერსიტეტის მთავარი ბიბლიოთეკა წიგნსაცავი 2024-07-04 140.00 657.6 ა-90 68432 2024-07-04 68432 2024-07-04 წიგნი 140.00